[Event "Berkshire Berks & Bucks op-C"]
[Site "Berkshire"]
[Date "2023.08.28"]
[Round "5"]
[White "Turner, David"]
[Black "Carter, Lance G"]
[Result "1/2-1/2"]
[WhiteElo "1762"]
[BlackElo "1506"]
[PlyCount "75"]
[EventDate "2023.08.26"]
[EventType "swiss"]
[EventRounds "6"]
[EventCountry "ENG"]
[SourceTitle "EXT 2024"]
[Source "ChessBase"]
[SourceDate "2023.10.10"]
[SourceVersion "1"]
[SourceVersionDate "2023.10.10"]
[SourceQuality "1"]

1. e4 e6 2. d3 d5 3. Nd2 Nf6 4. Ngf3 c5 5. g3 Nc6 6. Bg2 dxe4 7. dxe4 e5 8. 0-0 Bg4 9. c3 Be7 10. Qc2 0-0 11. Nc4 Qc7 12. a4 h6 13. Be3 Be6 14. Nfd2 Ng4 15. Rae1 Rad8 16. f4 Nxe3 17. Nxe3 exf4 18. gxf4 Qd7 19. Nf3 Qd3 20. Qxd3 Rxd3 21. Nd5 Bd8 22. Rd1 Rxd1 23. Rxd1 Bxd5 24. Rxd5 Bc7 25. e5 Rd8 26. Nd2 b6 27. Rxd8+ Nxd8 28. Bd5 Kf8 29. Kf2 Ke7 30. Kf3 f6 31. Ke4 Nf7 32. exf6+ Kxf6 33. Bxf7 Kxf7 34. Nf3 Ke6 35. c4 Bd6 36. h3 Bc7 37. Nh4 Kf6 38. Nf5 1/2-1/2

[Event "Cambridge op"]
[Site "Cambridge"]
[Date "2023.02.16"]
[Round "4"]
[White "Smart, Michael R"]
[Black "Turner, David"]
[Result "1/2-1/2"]
[WhiteElo "1957"]
[BlackElo "1762"]
[PlyCount "76"]
[EventDate "2023.02.15"]
[EventType "swiss"]
[EventRounds "9"]
[EventCountry "ENG"]
[SourceTitle "CBM 212 Extra"]
[Source "ChessBase"]
[SourceDate "2023.03.31"]
[SourceVersion "1"]
[SourceVersionDate "2023.03.31"]
[SourceQuality "1"]

1. e4 d6 2. d4 Nf6 3. Nc3 Nbd7 4. Bc4 e5 5. Nf3 Be7 6. 0-0 h6 7. h3 c6 8. dxe5 dxe5 9. Qe2 Qc7 10. a4 g5 11. Nh2 Nf8 12. Be3 Ng6 13. Rad1 Rh7 14. f3 Nh5 15. Qf2 Nhf4 16. Bxa7 Bxh3 17. Bb6 Qb8 18. g3 Bxf1 19. Qxf1 Nh5 20. Qh3 Nf6 21. Nf1 Qc8 22. Qg2 g4 23. Ne3 gxf3 24. Qxf3 Qh3 25. Nf5 Ng4 26. Nxe7 Nxe7 27. Be2 h5 28. Qg2 Qxg2+ 29. Kxg2 Ng8 30. a5 N8f6 31. b4 Kf8 32. b5 Kg7 33. bxc6 bxc6 34. Rd6 h4 35. gxh4 Rxh4 36. Rxc6 Rah8 37. Bg1 Nh5 38. Nd5 Ngf6 1/2-1/2

[Event "Cambridge op"]
[Site "Cambridge"]
[Date "2023.02.16"]
[Round "3"]
[White "Turner, David"]
[Black "Larchikov, Maksym"]
[Result "0-1"]
[WhiteElo "1762"]
[BlackElo "1901"]
[PlyCount "56"]
[EventDate "2023.02.15"]
[EventType "swiss"]
[EventRounds "9"]
[EventCountry "ENG"]
[SourceTitle "CBM 212 Extra"]
[Source "ChessBase"]
[SourceDate "2023.03.31"]
[SourceVersion "1"]
[SourceVersionDate "2023.03.31"]
[SourceQuality "1"]

1. e4 c5 2. Nf3 d6 3. g3 Nc6 4. Bg2 g6 5. 0-0 Bg7 6. c3 Bg4 7. h3 Bxf3 8. Qxf3 e6 9. d3 Rb8 10. Qd1 Nge7 11. Bg5 h6 12. Bxe7 Qxe7 13. Nd2 b5 14. f4 0-0 15. e5 d5 16. Rf2 Rfc8 17. Nf1 c4 18. d4 b4 19. Rc1 bxc3 20. bxc3 f6 21. Qa4 fxe5 22. fxe5 Qd7 23. Ne3 Nxe5 24. Qxd7 Nxd7 25. Nxd5 exd5 26. Bxd5+ Kh7 27. Be6 Rd8 28. Bxc4 Rbc8 0-1

[Event "Guernsey op 46th"]
[Site "St James"]
[Date "2022.10.16"]
[Round "1"]
[White "Turner, David"]
[Black "Mason, Donald"]
[Result "1/2-1/2"]
[WhiteElo "1754"]
[BlackElo "2081"]
[PlyCount "46"]
[EventDate "2022.10.16"]
[EventType "swiss"]
[EventRounds "7"]
[EventCountry "GCI"]
[SourceTitle "EXT 2024"]
[Source "ChessBase"]
[SourceDate "2023.10.10"]
[SourceVersion "1"]
[SourceVersionDate "2023.10.10"]
[SourceQuality "1"]

1. e4 c5 2. Nf3 Nc6 3. g3 g6 4. Bg2 Bg7 5. 0-0 Nf6 6. d3 0-0 7. Nbd2 d5 8. Re1 Qc7 9. Qe2 Rd8 10. h3 e5 11. a3 d4 12. Nf1 b5 13. Bg5 h6 14. Bd2 Be6 15. g4 Ne8 16. Ng3 f6 17. Nh4 Ne7 18. Bf1 Nd6 19. f4 exf4 20. Bxf4 g5 21. Bxd6 Qxd6 22. Nhf5 Nxf5 23. Nxf5 Bxf5 1/2-1/2

[Event "Guernsey Holiday op 44th"]
[Site "Vale"]
[Date "2018.10.25"]
[Round "5"]
[White "Colsen, Manuel"]
[Black "Turner, David"]
[Result "0-1"]
[WhiteElo "1628"]
[BlackElo "1763"]
[PlyCount "62"]
[EventDate "2018.10.21"]
[EventType "swiss"]
[EventRounds "7"]
[EventCountry "GCI"]
[SourceTitle "EXT 2021"]
[Source "ChessBase"]
[SourceDate "2020.10.23"]
[SourceVersion "1"]
[SourceVersionDate "2020.10.23"]
[SourceQuality "1"]

1. Nf3 d6 2. d4 Nf6 3. g3 g6 4. Bg2 Bg7 5. 0-0 0-0 6. Bg5 Re8 7. c4 c6 8. Nc3 Qc7 9. e4 e5 10. d5 c5 11. Bxf6 Bxf6 12. Nb5 Qe7 13. Nd2 Na6 14. a3 Kg7 15. Rb1 h5 16. h3 Rh8 17. b4 b6 18. Re1 h4 19. g4 Bg5 20. Qf3 Bxd2 21. Red1 Bf4 22. Bf1 Nc7 23. Nc3 Rh6 24. bxc5 bxc5 25. Nb5 Ne8 26. Rb2 f5 27. exf5 gxf5 28. gxf5 Bxf5 29. Kh1 Nf6 30. Be2 Be4 31. Rg1+ Kf7 0-1

[Event "Guernsey Holiday op 44th"]
[Site "Vale"]
[Date "2018.10.24"]
[Round "4"]
[White "Turner, David"]
[Black "Foster, Paul"]
[Result "1/2-1/2"]
[WhiteElo "1763"]
[BlackElo "1540"]
[PlyCount "75"]
[EventDate "2018.10.21"]
[EventType "swiss"]
[EventRounds "7"]
[EventCountry "GCI"]
[SourceTitle "EXT 2021"]
[Source "ChessBase"]
[SourceDate "2020.10.23"]
[SourceVersion "1"]
[SourceVersionDate "2020.10.23"]
[SourceQuality "1"]

1. Nf3 Nf6 2. d3 d5 3. Nbd2 Nc6 4. a3 a5 5. g3 e5 6. e4 dxe4 7. dxe4 Bc5 8. h3 0-0 9. Bg2 h6 10. 0-0 Be6 11. Qe2 Qd7 12. Kh2 Rad8 13. Re1 g5 14. Ng1 Nd4 15. Qd1 g4 16. Rf1 Qc8 17. c3 Nb3 18. Rb1 Rd3 19. Qc2 Nxc1 20. b4 Ba7 21. Rbxc1 Rfd8 22. Nb1 gxh3 23. Nxh3 Ng4+ 24. Kh1 Ne3 25. fxe3 Bxh3 26. Qf2 Qe6 27. Rce1 Bg4 28. Bf3 Bxf3+ 29. Qxf3 Qg6 30. Rf2 R8d7 31. Kg2 Qg5 32. Rfe2 R7d6 33. Rf2 Qg6 34. Ref1 Rd7 35. Re1 h5 36. Rff1 R7d6 37. Re2 Rd7 38. Rh1 1/2-1/2

[Event "Guernsey Holiday op 44th"]
[Site "Vale"]
[Date "2018.10.21"]
[Round "1"]
[White "Beadle, John R"]
[Black "Turner, David"]
[Result "1/2-1/2"]
[WhiteElo "1565"]
[BlackElo "1763"]
[PlyCount "90"]
[EventDate "2018.10.21"]
[EventType "swiss"]
[EventRounds "7"]
[EventCountry "GCI"]
[SourceTitle "EXT 2021"]
[Source "ChessBase"]
[SourceDate "2020.10.23"]
[SourceVersion "1"]
[SourceVersionDate "2020.10.23"]
[SourceQuality "1"]

1. e4 d6 2. d4 Nf6 3. Nc3 g6 4. h3 a6 5. a4 Nbd7 6. Nf3 c5 7. Be3 Qa5 8. Qd2 Rb8 9. Bd3 b5 10. Nd5 Qxd2+ 11. Kxd2 Nxd5 12. exd5 c4 13. Be2 Nf6 14. axb5 axb5 15. Rhd1 Nxd5 16. Bg5 h6 17. Bh4 Bg7 18. c3 0-0 19. Nh2 Bf6 20. Bg3 Bg5+ 21. Ke1 Bf4 22. Bxf4 Nxf4 23. Bf1 Bf5 24. Ra7 Rfe8 25. Ng4 Kg7 26. Ne3 Bd3 27. b4 e6 28. Bxd3 Nxd3+ 29. Kf1 Nb2 30. Rc1 Ra8 31. Rb7 Reb8 32. Rxb8 Rxb8 33. Ra1 Na4 34. Nxc4 Nxc3 35. Nxd6 Rd8 36. Ra6 Nd5 37. Nxb5 Nxb4 38. Ra7 Nc6 39. Ra4 Rd5 40. Rc4 Rxb5 41. Rxc6 Rb4 42. Rd6 Kf6 43. Rd7 g5 44. Ke2 h5 45. g3 Ra4 1/2-1/2

[Event "Guernsey Holiday op 43rd"]
[Site "Guernsey"]
[Date "2017.10.19"]
[Round "5"]
[White "Turner, David"]
[Black "Baart, Edwin"]
[Result "1/2-1/2"]
[WhiteElo "1774"]
[BlackElo "1816"]
[PlyCount "72"]
[EventDate "2017.10.15"]
[EventType "swiss"]
[EventRounds "7"]
[EventCountry "GCI"]
[SourceTitle "EXT 2020"]
[Source "ChessBase"]
[SourceDate "2019.10.17"]
[SourceVersion "1"]
[SourceVersionDate "2019.10.17"]
[SourceQuality "1"]

1. Nf3 d5 2. g3 Nf6 3. Bg2 g6 4. 0-0 Bg7 5. d3 0-0 6. Nbd2 Nbd7 7. e4 dxe4 8. dxe4 e5 9. Qe2 Re8 10. Rd1 c6 11. Nc4 Qc7 12. Ng5 Nb6 13. Nd6 Rf8 14. Be3 Ne8 15. Ngxf7 Nxd6 16. Nxd6 Be6 17. c4 Rad8 18. c5 Nd7 19. b4 Nf6 20. h3 Ne8 21. Nxe8 Rfxe8 22. Qc2 Qc8 23. Kh2 Rxd1 24. Rxd1 Rd8 25. Rxd8+ Qxd8 26. Bf1 Kf8 27. a4 a6 28. Bc4 Qd7 29. h4 Bf6 30. Qb3 Bxc4 31. Qxc4 Qg4 32. Bh6+ Ke7 33. Be3 Bxh4 34. gxh4 Qxh4+ 35. Kg2 Qg4+ 36. Kh1 Qh3+ 1/2-1/2

[Event "Guernsey Holiday op 43rd"]
[Site "Guernsey"]
[Date "2017.10.16"]
[Round "2"]
[White "Kirk, Matthew"]
[Black "Turner, David"]
[Result "0-1"]
[WhiteElo "1721"]
[BlackElo "1774"]
[PlyCount "66"]
[EventDate "2017.10.15"]
[EventType "swiss"]
[EventRounds "7"]
[EventCountry "GCI"]
[SourceTitle "EXT 2020"]
[Source "ChessBase"]
[SourceDate "2019.10.17"]
[SourceVersion "1"]
[SourceVersionDate "2019.10.17"]
[SourceQuality "1"]

1. d4 d6 2. Nf3 Nf6 3. c4 c5 4. d5 b5 5. Nbd2 g6 6. e4 Nbd7 7. cxb5 a6 8. bxa6 Bxa6 9. Bxa6 Rxa6 10. 0-0 Qa8 11. a3 Bg7 12. Qc2 0-0 13. Nc4 Rb8 14. Rb1 Nb6 15. Nfd2 Nfd7 16. b4 cxb4 17. axb4 Ne5 18. Na5 Kf8 19. Nc6 Rc8 20. b5 Ra2 21. Qb3 Ned7 22. Qh3 h5 23. Nc4 Qb7 24. Nxb6 Nxb6 25. Be3 Nc4 26. Bd4 Bxd4 27. Nxd4 Rc5 28. Ra1 Qa8 29. Rxa2 Qxa2 30. Nc6 Nd2 31. Re1 Rxb5 32. Qd7 Rb1 33. Qxe7+ Kg7 0-1

[Event "Guernsey Holiday op 42nd"]
[Site "Guernsey"]
[Date "2016.10.22"]
[Round "7"]
[White "Turner, David"]
[Black "Gunn, Michael J"]
[Result "1/2-1/2"]
[WhiteElo "1793"]
[BlackElo "1649"]
[PlyCount "49"]
[EventDate "2016.10.16"]
[EventType "swiss"]
[EventRounds "7"]
[EventCountry "GCI"]
[SourceTitle "EXT 2022"]
[Source "ChessBase"]
[SourceDate "2021.10.06"]
[SourceVersion "1"]
[SourceVersionDate "2021.10.06"]
[SourceQuality "1"]

1. e4 e6 2. d3 c5 3. Nd2 g6 4. Ngf3 Bg7 5. g3 Nc6 6. Bg2 Nge7 7. 0-0 0-0 8. h4 h6 9. Re1 e5 10. Nf1 d6 11. Ne3 f5 12. h5 f4 13. Nd5 fxg3 14. fxg3 Bg4 15. hxg6 Nd4 16. Rf1 Nxd5 17. exd5 Rf6 18. Be3 Nxf3+ 19. Bxf3 Bxf3 20. Rxf3 Qf8 21. Kg2 Rxf3 22. Qxf3 Qxf3+ 23. Kxf3 Rf8+ 24. Kg4 Rf6 25. Rh1 1/2-1/2

[Event "Guernsey Holiday op 42nd"]
[Site "Guernsey"]
[Date "2016.10.20"]
[Round "5"]
[White "Goman, Colin"]
[Black "Turner, David"]
[Result "1/2-1/2"]
[WhiteElo "1734"]
[BlackElo "1793"]
[PlyCount "98"]
[EventDate "2016.10.16"]
[EventType "swiss"]
[EventRounds "7"]
[EventCountry "GCI"]
[SourceTitle "EXT 2022"]
[Source "ChessBase"]
[SourceDate "2021.10.06"]
[SourceVersion "1"]
[SourceVersionDate "2021.10.06"]
[SourceQuality "1"]

1. d4 Nf6 2. c4 c5 3. Nf3 g6 4. Nc3 Bg7 5. e3 0-0 6. Bd3 Nc6 7. d5 Nb4 8. a3 Nxd3+ 9. Qxd3 d6 10. h3 a6 11. 0-0 b5 12. e4 Nd7 13. Ra2 bxc4 14. Qxc4 a5 15. b4 Nb6 16. Qb3 axb4 17. axb4 cxb4 18. Rxa8 Nxa8 19. Qxb4 Qb6 20. Qa3 Bd7 21. Be3 Qd8 22. Rb1 Qc8 23. Ne2 Qc2 24. Rb7 Qc8 25. Qb3 Ba4 26. Qb4 Bd1 27. Ned4 Bxf3 28. Nxf3 Re8 29. Ba7 Nc7 30. Rb8 Qa6 31. Rxe8+ Nxe8 32. Bd4 Qa8 33. Bxg7 Kxg7 34. Qc3+ Nf6 35. Kh2 h6 36. Nd2 Qa7 37. Kg3 Kh7 38. Kf3 Nd7 39. Nf1 Nc5 40. Qe3 Qa4 41. Ng3 Qd1+ 42. Qe2 Qd4 43. Qe3 Qe5 44. Qf4 Qc3+ 45. Qe3 Qf6+ 46. Qf4 Kg7 47. Ne2 Qb2 48. Qe3 Qe5 49. Qd4 Qf6+ 1/2-1/2

[Event "Guernsey Holiday op 42nd"]
[Site "Guernsey"]
[Date "2016.10.17"]
[Round "2"]
[White "Turner, David"]
[Black "Foran, Barry"]
[Result "1-0"]
[WhiteElo "1793"]
[BlackElo "1394"]
[PlyCount "56"]
[EventDate "2016.10.16"]
[EventType "swiss"]
[EventRounds "7"]
[EventCountry "GCI"]
[SourceTitle "EXT 2022"]
[Source "ChessBase"]
[SourceDate "2021.10.06"]
[SourceVersion "1"]
[SourceVersionDate "2021.10.06"]
[SourceQuality "1"]

1. e4 c6 2. d3 d5 3. Nd2 e5 4. Ngf3 Bd6 5. Be2 Nf6 6. h3 0-0 7. Nh2 Re8 8. a3 a5 9. Bg4 Na6 10. Qe2 b5 11. Bxc8 Rxc8 12. g4 g6 13. Ndf1 Bf8 14. Ne3 dxe4 15. dxe4 Nc5 16. g5 Nfd7 17. Neg4 Ne6 18. h4 Nd4 19. Qd1 Be7 20. c3 Ne6 21. Nh6+ Kf8 22. Qf3 Nf4 23. Bxf4 exf4 24. Qxf4 f6 25. Qg4 Ne5 26. Qe6 Kg7 27. Rd1 Qc7 28. Ke2 Bd8 1-0

[Event "London Classic op 7th"]
[Site "London"]
[Date "2015.12.10"]
[Round "8"]
[White "Turner, David"]
[Black "Wright, Jonathan1111"]
[Result "1-0"]
[WhiteElo "1811"]
[BlackElo "1923"]
[PlyCount "75"]
[EventDate "2015.12.04"]
[EventType "swiss"]
[EventRounds "9"]
[EventCountry "ENG"]
[SourceTitle "CBM 169 Extra"]
[Source "ChessBase"]
[SourceDate "2015.12.18"]
[SourceVersion "1"]
[SourceVersionDate "2015.12.18"]
[SourceQuality "1"]

1. e4 c5 2. Nf3 Nc6 3. d3 e6 4. g3 d5 5. Nbd2 Nf6 6. Bg2 d4 7. 0-0 e5 8. Qe2 Bg4 9. a3 Qd7 10. Rb1 a5 11. Re1 Bd6 12. Qf1 0-0 13. h3 Bxf3 14. Nxf3 Ne7 15. Qe2 Ra6 16. Bd2 Rc8 17. Rf1 Ng6 18. h4 b5 19. Nh2 c4 20. h5 Nf8 21. h6 g6 22. Bg5 Be7 23. Bxf6 Bxf6 24. f4 exf4 25. gxf4 cxd3 26. cxd3 Rc5 27. e5 Bh4 28. Be4 Qe6 29. b4 axb4 30. axb4 Rc3 31. Rb2 f5 32. exf6 Bxf6 33. f5 Qe5 34. Qg4 g5 35. Nf3 Qe7 36. Nxg5 Bxg5 37. f6 Qe5 38. Rf5 1-0

[Event "London Classic op 7th"]
[Site "London"]
[Date "2015.12.06"]
[Round "4"]
[White "Turner, David"]
[Black "Vachtfeidl, Petr"]
[Result "0-1"]
[WhiteElo "1811"]
[BlackElo "1983"]
[PlyCount "74"]
[EventDate "2015.12.04"]
[EventType "swiss"]
[EventRounds "9"]
[EventCountry "ENG"]
[SourceTitle "CBM 169 Extra"]
[Source "ChessBase"]
[SourceDate "2015.12.18"]
[SourceVersion "1"]
[SourceVersionDate "2015.12.18"]
[SourceQuality "1"]

1. e4 c5 2. Nf3 e6 3. d3 Nc6 4. g3 Nge7 5. Bg2 g6 6. 0-0 Bg7 7. Nbd2 0-0 8. Re1 d6 9. a3 Qc7 10. Rb1 a5 11. c4 a4 12. Nf1 Bd7 13. Bd2 Na5 14. h4 b5 15. Qe2 Nb3 16. Bc3 e5 17. h5 Nd4 18. Bxd4 exd4 19. N3d2 Rab8 20. f4 Nc6 21. cxb5 Na5 22. hxg6 hxg6 23. g4 Rxb5 24. e5 dxe5 25. fxe5 Re8 26. Nc4 Nxc4 27. dxc4 Rb3 28. Bd5 Rxe5 29. Qg2 Qd6 30. Re4 Rxe4 31. Qxe4 Qe5 32. Qg2 Bh6 33. Qf2 Be6 34. Re1 Be3 35. Nxe3 dxe3 36. Qg2 Rxb2 37. Qh3 Bxg4 0-1

[Event "High Wycombe e2e4 op U2050"]
[Site "High Wycombe"]
[Date "2013.10.13"]
[Round "5"]
[White "Turner, David"]
[Black "David, Barry"]
[Result "1/2-1/2"]
[WhiteElo "1809"]
[BlackElo "1784"]
[PlyCount "36"]
[EventDate "2013.10.11"]
[EventType "swiss"]
[EventRounds "5"]
[EventCountry "ENG"]
[SourceTitle "EXT 2015"]
[Source "ChessBase"]
[SourceDate "2014.11.20"]
[SourceVersion "1"]
[SourceVersionDate "2014.11.20"]
[SourceQuality "1"]

1. Nf3 d5 2. g3 Nf6 3. Bg2 Bf5 4. 0-0 e6 5. d3 Bd6 6. Nbd2 0-0 7. Re1 e5 8. c4 c6 9. e4 dxe4 10. dxe4 Bg6 11. Nh4 Be7 12. Qc2 Nbd7 13. a3 a5 14. b3 Nc5 15. Nf5 Re8 16. Bb2 Nd3 17. Nxe7+ Rxe7 18. Re2 Nxb2 1/2-1/2

[Event "High Wycombe e2e4 op U2050"]
[Site "High Wycombe"]
[Date "2013.10.11"]
[Round "1"]
[White "Turner, David"]
[Black "Edwards, Raymond B"]
[Result "0-1"]
[WhiteElo "1809"]
[BlackElo "1961"]
[PlyCount "76"]
[EventDate "2013.10.11"]
[EventType "swiss"]
[EventRounds "5"]
[EventCountry "ENG"]
[SourceTitle "EXT 2015"]
[Source "ChessBase"]
[SourceDate "2014.11.20"]
[SourceVersion "1"]
[SourceVersionDate "2014.11.20"]
[SourceQuality "1"]

1. Nf3 d5 2. g3 Nf6 3. Bg2 Bg4 4. d3 Nbd7 5. Nbd2 e6 6. 0-0 c6 7. c3 Bd6 8. Re1 0-0 9. e4 Qc7 10. Qc2 Rfe8 11. b4 e5 12. Rb1 h6 13. c4 dxe4 14. dxe4 b6 15. Nf1 a5 16. a3 axb4 17. axb4 Ra7 18. Ne3 Be6 19. Bd2 Rea8 20. Bc3 Ra2 21. Qd3 Ng4 22. Nxg4 Bxg4 23. Nd2 Nf8 24. f4 exf4 25. e5 Be7 26. gxf4 Bh4 27. Rf1 Rd8 28. Qe3 Qd7 29. Qxb6 Rxd2 30. Bxd2 Qxd2 31. Qxc6 Ne6 32. b5 Nxf4 33. b6 Nh3+ 34. Bxh3 Bxh3 35. b7 Qg5+ 36. Kh1 Qxe5 37. Rb5 Qe2 38. Qf3 Qxf3+ 0-1

[Event "Sunningdale e2e4 op U2000 07"]
[Site "Sunningdale"]
[Date "2013.07.06"]
[Round "2"]
[White "Turner, David"]
[Black "Watson, Darrell"]
[Result "1-0"]
[WhiteElo "1810"]
[BlackElo "1751"]
[PlyCount "75"]
[EventDate "2013.07.05"]
[EventType "swiss"]
[EventRounds "7"]
[EventCountry "ENG"]
[SourceTitle "EXT 2014"]
[Source "ChessBase"]
[SourceDate "2013.11.20"]
[SourceVersion "1"]
[SourceVersionDate "2013.11.20"]
[SourceQuality "1"]

1. Nf3 c5 2. g3 d6 3. Bg2 Nc6 4. 0-0 g6 5. d3 Bg7 6. c3 e5 7. Nbd2 Nge7 8. a4 a5 9. e4 0-0 10. Ne1 Be6 11. f4 f5 12. Ndf3 fxe4 13. Ng5 Bd7 14. Qb3+ d5 15. dxe4 c4 16. Qc2 h6 17. exd5 hxg5 18. dxc6 Qb6+ 19. Qf2 Qxf2+ 20. Rxf2 Bxc6 21. fxe5 Bxe5 22. Bxg5 Rxf2 23. Kxf2 Bxg2 24. Nxg2 Nf5 25. Re1 Bd6 26. Re4 Rc8 27. Ne3 Bc5 28. Ke2 Bxe3 29. Bxe3 Kf7 30. Bg5 Re8 31. Rxe8 Kxe8 32. g4 Nd6 33. Ke3 Nc8 34. Kd4 Nb6 35. Bc1 Kd7 36. Kc5 Nxa4+ 37. Kb5 Nxb2 38. Bxb2 1-0

[Event "London Classic op"]
[Site "London"]
[Date "2011.12.04"]
[Round "2"]
[White "Turner, David"]
[Black "Doran, Chris"]
[Result "0-1"]
[WhiteElo "1775"]
[BlackElo "2011"]
[PlyCount "58"]
[EventDate "2011.12.03"]
[EventType "swiss"]
[EventRounds "9"]
[EventCountry "ENG"]
[SourceTitle "CBM 145 Extra"]
[Source "ChessBase"]
[SourceDate "2012.01.03"]
[SourceVersion "1"]
[SourceVersionDate "2012.01.03"]
[SourceQuality "1"]

1. e4 c5 2. Nf3 d6 3. c3 Nc6 4. g3 g6 5. Bg2 Bg7 6. 0-0 e5 7. a3 a5 8. a4 Nge7 9. d3 0-0 10. Be3 Bg4 11. Qd2 f5 12. Ne1 Qd7 13. f4 b6 14. h3 Bh5 15. Na3 d5 16. exd5 Nxd5 17. Nc4 Rab8 18. Rf2 Rfe8 19. fxe5 Nxe5 20. Bf4 Nxf4 21. Qxf4 h6 22. Nxe5 Bxe5 23. Qc4+ Kg7 24. g4 fxg4 25. Bd5 Rf8 26. Rxf8 Rxf8 27. Qe4 Qd6 28. Ng2 gxh3 29. Nh4 Rf4 0-1

[Event "London Classic op"]
[Site "London"]
[Date "2011.12.03"]
[Round "1"]
[White "Nandhidhaa, PV."]
[Black "Turner, David"]
[Result "1-0"]
[WhiteElo "2139"]
[BlackElo "1775"]
[PlyCount "41"]
[EventDate "2011.12.03"]
[EventType "swiss"]
[EventRounds "9"]
[EventCountry "ENG"]
[SourceTitle "CBM 145 Extra"]
[Source "ChessBase"]
[SourceDate "2012.01.03"]
[SourceVersion "1"]
[SourceVersionDate "2012.01.03"]
[SourceQuality "1"]

1. e4 d6 2. d4 Nf6 3. Nc3 g6 4. Nf3 Bg7 5. Bf4 Bg4 6. h3 Bxf3 7. Qxf3 c6 8. 0-0-0 Qa5 9. Kb1 Nbd7 10. g4 Rc8 11. Bg2 e5 12. dxe5 dxe5 13. Bg5 b5 14. Rd6 b4 15. Ne2 Ke7 16. Rxd7+ Kxd7 17. Bxf6 Bxf6 18. Qxf6 Rhf8 19. Nc1 c5 20. Rd1+ Kc7 21. Qxe5+ 1-0

[Event "Sunningdale e2e4 Major"]
[Site "Sunningdale"]
[Date "2011.09.18"]
[Round "5"]
[White "Watson, Darrell"]
[Black "Turner, David"]
[Result "1-0"]
[WhiteElo "1648"]
[BlackElo "1832"]
[PlyCount "65"]
[EventDate "2011.09.16"]
[EventType "swiss"]
[EventRounds "5"]
[EventCountry "ENG"]
[SourceTitle "EXT 2023"]
[Source "ChessBase"]
[SourceDate "2022.10.05"]
[SourceVersion "1"]
[SourceVersionDate "2022.10.05"]
[SourceQuality "1"]

1. e4 d6 2. d4 Nf6 3. Nc3 g6 4. f4 Bg7 5. e5 Bg4 6. Nf3 Nfd7 7. h3 Bxf3 8. Qxf3 c6 9. Bd3 Qb6 10. Qf2 c5 11. Nd5 Qd8 12. exd6 exd6 13. Qe2+ Kf8 14. 0-0 Bxd4+ 15. Kh1 Kg7 16. c3 Bf6 17. b3 a6 18. Bb2 Re8 19. Qf2 Kg8 20. Rae1 Rxe1 21. Rxe1 Nc6 22. f5 Nce5 23. Bb1 c4 24. fxg6 fxg6 25. bxc4 Nxc4 26. Bc1 Be5 27. Bh6 Nc5 28. Rf1 b5 29. Qf7+ Kh8 30. Nf6 Bxf6 31. Rxf6 Qg8 32. Qe7 Re8 33. Bg7+ 1-0

[Event "Sunningdale e2e4 Major"]
[Site "Sunningdale"]
[Date "2011.09.17"]
[Round "3"]
[White "Kreuzer, Christopher RL"]
[Black "Turner, David"]
[Result "1-0"]
[WhiteElo "1951"]
[BlackElo "1832"]
[PlyCount "73"]
[EventDate "2011.09.16"]
[EventType "swiss"]
[EventRounds "5"]
[EventCountry "ENG"]
[SourceTitle "EXT 2023"]
[Source "ChessBase"]
[SourceDate "2022.10.05"]
[SourceVersion "1"]
[SourceVersionDate "2022.10.05"]
[SourceQuality "1"]

1. e4 d6 2. d4 g6 3. Nf3 Bg7 4. Bc4 Nf6 5. Nc3 0-0 6. Bb3 Nc6 7. 0-0 Bg4 8. Be3 e5 9. d5 Nd4 10. Bxd4 exd4 11. Ne2 Nxe4 12. Nfxd4 Bxd4 13. Qxd4 Bxe2 14. Rfe1 Bf3 15. gxf3 Nc5 16. Re3 f5 17. Rae1 Qf6 18. Qxf6 Rxf6 19. Bc4 f4 20. Re7 Rf7 21. Bb5 a6 22. Bf1 Kf8 23. Rxf7+ Kxf7 24. b4 Nd7 25. Re4 g5 26. Rc4 Rc8 27. Bh3 Nb6 28. Bxc8 Nxc4 29. Bxb7 a5 30. Ba6 axb4 31. Bxc4 Kf6 32. Kg2 Ke5 33. h4 gxh4 34. Kh3 Kd4 35. Bb3 Kc3 36. Kxh4 Kd2 37. Kg4 1-0

[Event "Uxbridge op Major"]
[Site "Uxbridge"]
[Date "2010.03.21"]
[Round "4"]
[White "Boudkeev, Timour"]
[Black "Turner, David"]
[Result "1-0"]
[WhiteElo "1813"]
[BlackElo "1825"]
[PlyCount "55"]
[EventDate "2010.03.19"]
[EventType "swiss"]
[EventRounds "5"]
[EventCountry "ENG"]
[SourceTitle "EXT 2012"]
[Source "ChessBase"]
[SourceDate "2011.11.24"]
[SourceVersion "1"]
[SourceVersionDate "2011.11.24"]
[SourceQuality "1"]

1. d4 Nf6 2. c4 c5 3. e3 g6 4. Nc3 Bg7 5. Nf3 0-0 6. Be2 Nc6 7. 0-0 b6 8. Qc2 Bb7 9. a3 Qb8 10. d5 Ne5 11. Nxe5 Qxe5 12. f4 Qb8 13. e4 d6 14. f5 a6 15. g4 b5 16. g5 Nd7 17. h4 Bd4+ 18. Kg2 Ne5 19. cxb5 axb5 20. Nxb5 e6 21. fxe6 fxe6 22. Bf4 exd5 23. Nxd4 cxd4 24. Bxe5 dxe5 25. Rxf8+ Qxf8 26. Qc7 Qg7 27. Rc1 Rb8 28. Qxb8+ 1-0

[Event "Uxbridge Tal"]
[Site "Uxbridge"]
[Date "2010.02.17"]
[Round "9"]
[White "Healeas, Simon"]
[Black "Turner, David"]
[Result "1/2-1/2"]
[WhiteElo "1804"]
[BlackElo "1839"]
[PlyCount "63"]
[EventDate "2010.02.13"]
[EventType "tourn"]
[EventRounds "9"]
[EventCountry "ENG"]
[SourceTitle "CBM 135 Extra"]
[Source "ChessBase"]
[SourceDate "2010.05.04"]
[SourceVersion "1"]
[SourceVersionDate "2010.05.04"]
[SourceQuality "1"]

1. d4 Nf6 2. c4 g6 3. Nc3 Bg7 4. e4 d6 5. Nge2 0-0 6. Ng3 Nbd7 7. Be2 e5 8. d5 Qe7 9. h4 c6 10. Bg5 h6 11. Be3 cxd5 12. cxd5 h5 13. Bg5 Re8 14. 0-0 Nf8 15. Rc1 Bd7 16. Nb5 Bxb5 17. Bxb5 Rec8 18. Qa4 N8h7 19. Rxc8+ Rxc8 20. Rc1 Rxc1+ 21. Bxc1 Ng4 22. Be2 Qxh4 23. Bxg4 Qxg4 24. Nf1 Qc8 25. Be3 a6 26. Qb4 Bf8 27. Nd2 Nf6 28. f3 Be7 29. Nc4 Ne8 30. Nxe5 Bh4 31. Nc4 Bg3 32. Qc3 1/2-1/2